| 000 | 00931nam a2200229 a 4500 | ||
|---|---|---|---|
| 001 | 000025531 | ||
| 005 | 20200930023845.0 | ||
| 008 | 110217s1988 sp ac r 000 0 spa d | ||
| 020 | _a8429118349 | ||
| 040 |
_aDO-SdBNP _bspa _cBNPHU |
||
| 041 | 1 | 7 |
_aspa _heng _2Código de idioma MARC |
| 082 |
_aNNN _bM123p |
||
| 100 | 1 |
_aMcCarty, Maclyn, _d1911-2005 _952185 |
|
| 240 | 1 | 0 |
_aThe transforming principle : discovering that genes are made of DNA _lEspañol. |
| 245 | 1 | 0 |
_aEl principio transformador : _bcómo se descubrió que los genes están hechos de DNA / _cMaclyn McCarty ; versión española por Juan Areal Calama. |
| 260 |
_aBarcelona : _bReverté, _c1988. |
||
| 300 |
_aVIII, 179 p. : _bil., rtres. ; _c22 cm. |
||
| 534 |
_aTítulo original: _tThe transforming principle : discovering that genes are made of DNA |
||
| 504 | _aIncluye bibliografía (p. 167-171) | ||
| 700 | 1 |
_aAreal Calama, Juan, _etr. _952186 |
|
| 049 | _aBNGR | ||
| 999 |
_c25023 _d25023 |
||